1160 1759 1013 1458 1378 1603 1485 1195 1141 1408 1709 1082 1128 1303 1961 1128 1068 1819 1246 1460 1581 1938 1100 1928 1823 1887 1299 1563 1355 1304 1753 1438 1319 1904 1534 1190 1427 1182 1261 1769 1446 1615 1625 1172 1044 1297 1911 1619 1992 1796 1886 1641 1113 1840 1934 1458 1264 1124 1251 1869 1775 1092 1901 1914 1234 1418 1695 1433 1883 1182 1882 1194 1714 1034 1616 1259 1068 1074 1063 1861 1698 1417 1337 1200 1122 1034 1023 1149 1548 1702 1086 1554 1312 1124 1617 1673 1263 1707 1940 BCNSPRNW ULIB Ver.6.0+V

เปลี่ยนเป็นภาษาไทย

Change to English
 แสดงรายละเอียดบรรณานุกรม
  กลับหน้าหลัก

Brief Record : Get Marc (ISO 2709) : E-mail record : QR code < ปิดหน้าต่าง
LEADER : 00000nam 2200000uu 4500
001    13399127700
003     ULIB
008    210420s2562||||th 000 0 tha d
020    ^a9786167854168
060  4 ^aWT100^bสค677
245 00 ^aสาระสำคัญ "การพัฒนาศักยภาพทีมนำสื่อสารเพื่อสร้างการเปลี่ยนแปลง:บูรณาการพัฒนาคุณภาพชีวิตผู้สูงอายุ" ระหว่างวันที่ 23-24 พฤษภาคม 2562 ณโรงแรมอมารี ดอนเมือง แอร์พอร์ต กรุงเทพฯ /^cกองบรรณาธิการ, ทัศนีย์ญาณะ, พฤกษา บุกบุญ
246 30 ^aการพัฒนาศักยภาพทีมนำสื่อสารเพื่อสร้างการเปลี่ยนแปลง:บูรณาการพัฒนาคุณภาพชีวิตผู้สูงอายุ
260    ^aนนทบุรี :^bมูลนิธิสถาบันวิจัยและพัฒนาระบบสุขภาพชุมชน (มสพช.),^c2562
300    ^a46 หน้า :^bภาพประกอบสี ;^c19 ซม.
650  4 ^aผู้สูงอายุ
650  4 ^aคุณภาพชีวิตผู้สูงอายุ
650  4 ^aระบบบริการสุขภาพ
650  4 ^aการสื่อสาร
700 0  ^aทัศนีย์ ญาณะ,^eบรรณาธิการ
700 0  ^aพฤกษา บุกบุญ,^eบรรณาธิการ
710 2  ^aมูลนิธิสถาบันวิจัยและพัฒนาระบบสุขภาพชุมชน (มสพช.)
945    ^p0^l0^i008025
999    ^aประนอม เกษจรัล
รายการนี้ยังไม่มีแท็ก
คุณยังไม่ได้ล็อกอิน คุณสามารถมีกิจกรรมร่วมกับเว็บไซต์ได้ แต่ต้องล็อกอินก่อน ::
  ล็อกอิน

รายการสื่อสารสนเทศ

ลำดับที่ ประเภท เลขเรียก/บาร์โค้ด สถานที่ สถานะ
1. วิทยาศาสตร์การแพทย์ และสุขภาพ
วิทยาศาสตร์การแพทย์ และสุขภาพ
WT100 สค677 ฉ.1 
  Barcode: 008025
ห้องสมุดวิทยาเขตสวรรค์ประชารักษ์
►หนังสือทั่วไป
บนชั้น

รายการใกล้เคียง
    หัวเรื่อง [ผู้สูงอายุ]
    หัวเรื่อง [คุณภาพชีวิตผู้สูงอายุ]
    หัวเรื่อง [ระบบบริการสุขภาพ]
    หัวเรื่อง [การสื่อสาร]

BibComment


ยังไม่เคยถูกคอมเมนท์

คอมเมนท์ทรัพยากรรายการนี้
  คอมเมนท์: สาระสำคัญ การพัฒ..


 Copyright 2026. Bcnsprnw @Library